000 00285nam a2200133Ia 4500
008 200103s9999||||xx |||||||||||||| ||und||
040 _aIMU-MPC
082 _aColumn-2
100 _aHMSO
245 4 _aThe Astronomical Ephemeris
260 _bHMSO
_c1972
300 _a568
942 _cBK
999 _c2896
_d2896